00688nam a22002057a 450000500170000001000150001702000260003203500130005803700130007108200120008410000230009624500510011926000320017027000560020230000240025850000190028294200260030199900170032795201380034420140411142744.0 aENG-109344 a9788172736385c400.00 aEN-92877 bDBAD/PUB a809.132 aPatil, Mallikarjun aThe epics of the world /cby Mallikarjun Patil a DelhibAuthorspress c2012 aE-35/103, Jawahar Park Laxmi Nagar, bDelhie110092 avi,124p. c22cm(Hb) aIncludes index 2ddccENmPATh809.132 c82608d82608 001040718NFICaDBADbDBADd2014-02-18eDBAD/PUBg400.00l0o809.132 PATpEN-92877r2014-02-18 00:00:00t1v400.00w2014-02-18yEN